al-Taʻāwun fī al-ʻālam, (Record no. 48222)

MARC details
000 -LEADER
fixed length control field 00662cam a22002291 4500
001 - CONTROL NUMBER
control field ne 65001292
003 - CONTROL NUMBER IDENTIFIER
control field DLC
005 - DATE AND TIME OF LATEST TRANSACTION
control field 20260227111814.0
008 - FIXED-LENGTH DATA ELEMENTS--GENERAL INFORMATION
fixed length control field 840112s1964 ua b 000 0 arar
010 ## - LIBRARY OF CONGRESS CONTROL NUMBER
LC control number ne 65001292
035 ## - SYSTEM CONTROL NUMBER
System control number (OCoLC)10294122
040 ## - CATALOGING SOURCE
Original cataloging agency DLC
Transcribing agency TxU
Modifying agency DLC
042 ## - AUTHENTICATION CODE
Authentication code premarc
050 00 - LIBRARY OF CONGRESS CALL NUMBER
Classification number HD2956
Item number .R5
100 1# - MAIN ENTRY--PERSONAL NAME
Personal name Rafāʻī, Jamāl.
245 13 - TITLE STATEMENT
Title al-Taʻāwun fī al-ʻālam,
Statement of responsibility, etc. bi-qalam Jamāl Rifāʻī.
260 ## - PUBLICATION, DISTRIBUTION, ETC.
Place of publication, distribution, etc. [al-Qāhirah,
Name of publisher, distributor, etc. al-Dār al-Qawmīyah lil-Ṭibāʻah wa-al-Nashr,
Date of publication, distribution, etc. 1964]
300 ## - PHYSICAL DESCRIPTION
Extent 112 p.
Dimensions 24 cm.
490 0# - SERIES STATEMENT
Series statement Min al-Sharq wa-al-Gharb,
Volume/sequential designation 129
504 ## - BIBLIOGRAPHY, ETC. NOTE
Bibliography, etc. note Bibliography: p. 112.
650 #0 - SUBJECT ADDED ENTRY--TOPICAL TERM
Topical term or geographic name entry element Cooperation.

No items available.

Powered by Koha